Régimen jurídico de la intervención administrativa en la economía
Guardat en:
| Autor principal: | |
|---|---|
| Format: | Llibre |
| Idioma: | espanyol |
| Publicat: |
Madrid
Tecnos
1966
|
| Matèries: | |
| Etiquetes: |
Afegir etiqueta
Sense etiquetes, Sigues el primer a etiquetar aquest registre!
|
MARC
| LEADER | 00000nam a2200000 a 4500 | ||
|---|---|---|---|
| 001 | UCY3952 | ||
| 003 | CL-VaPUC | ||
| 008 | 950124e19660000SP |||||||||||||||||spa|d | ||
| 082 | 0 | 4 | |a 338.946 |b BAE |2 21 |
| 100 | 0 | |a Baena del Alcázar, Mariano |e author |9 332384 | |
| 245 | 1 | 0 | |a Régimen jurídico de la intervención administrativa en la economía |
| 300 | |a 398 p | ||
| 942 | |c BK | ||
| 945 | |d 19950124 00:00:00 |a aalvarez | ||
| 260 | |a Madrid |b Tecnos |c 1966 | ||
| 650 | 0 | |a Economía |9 255568 | |
| 650 | 0 | |a Derecho administrativo |9 254851 | |
| 650 | 0 | |a Política económica |9 255029 | |
| 651 | 0 | |a España |9 254926 | |
| 583 | |a last modification |c 19950124 00:00:00 |k Rodrigo Vera | ||
| 999 | |c 231976 |d 231974 | ||
| 952 | |0 0 |1 0 |4 0 |6 338_946000000000000_BAE_1966 |7 0 |8 A |9 235852 |a BIBDER |b BIBDER |d 2019-11-15 |i 3051161 |o 338.946 BAE 1966 |p 3051161 |r 2023-01-25 |w 2019-11-15 |y BK |k DER | ||